logo

Bir Sreshtho Munshi Abdur Rouf Library
Jhenaidah Cadet College

Decision making : (Record no. 8071)

MARC details
000 -LEADER
fixed length control field 01022aam a2200301 a 4500
001 - CONTROL NUMBER
JCCL Control Number 8071
003 - CONTROL NUMBER IDENTIFIER
JCCL marc code BD - JhCC
005 - DATE AND TIME OF LATEST TRANSACTION
control field 20180716190156.0
008 - FIXED-LENGTH DATA ELEMENTS--GENERAL INFORMATION
fixed length control field 050928s2006 maua b 001 0 eng
020 ## - INTERNATIONAL STANDARD BOOK NUMBER
International Standard Book Number 9781591397618 (pbk.)
020 ## - INTERNATIONAL STANDARD BOOK NUMBER
International Standard Book Number 1591397618 (pbk.)
035 ## - SYSTEM CONTROL NUMBER
system control number (BD - JhCC)8071
040 ## - CATALOGING SOURCE
Original cataloging agency StDuBDS
Transcribing agency StDuBDS
Modifying agency Uk
-- BD - JhCC
041 ## - LANGUAGE CODE
Language code of Book eng
050 00 - LIBRARY OF CONGRESS CALL NUMBER
Classification number HD30.23
Item number .H3687 2006
082 04 - DEWEY DECIMAL CLASSIFICATION NUMBER
Classification number 658.403
DDC Edition number 22
Author mark and Year DES 2006
245 00 - TITLE STATEMENT
Title Decision making :
Remainder of title 5 steps to better results /
Statement of responsibility, etc Havard Business Essentials
246 3# - VARYING FORM OF TITLE
Title proper/short title Decision making : five steps to better results
260 ## - PUBLICATION, DISTRIBUTION, ETC. (IMPRINT)
Place of publication, distribution, etc Boston, Mass. :
Name of publisher, distributor, etc Harvard Business School Press,
Date of publication, distribution, etc c2006.
300 ## - PHYSICAL DESCRIPTION
Pagination xiv, 168 p. :
Other physical details ill. ;
Dimensions 24 cm.
504 ## - BIBLIOGRAPHY, ETC. NOTE
Bibliography, etc Includes bibliographical references and index.
650 #0 - SUBJECT ADDED ENTRY--TOPICAL TERM
Topical term or geographic name as entry element Decision making.
710 ## - ADDED ENTRY--CORPORATE NAME
Corporate name or jurisdiction name as entry element Havard Business Essentials
830 #0 - SERIES ADDED ENTRY--UNIFORM TITLE
Uniform title Harvard business essentials series
856 41 - ELECTRONIC LOCATION AND ACCESS
Materials specified Table of contents
Uniform Resource Identifier http://www.loc.gov/catdir/toc/ecip061/2005027760.html
942 ## - ADDED ENTRY ELEMENTS (KOHA)
Source of classification or shelving scheme Dewey Decimal Classification
Koha item type Books
Holdings
Source of classification or shelving scheme Damaged status Not for loan Home library Current library Shelving location Total Checkouts Full call number Barcode Date last seen Copy number Koha item type
Dewey Decimal Classification     JCC Rouf Library JCC Rouf Library General Stacks   658.403 DES 2005 10669 02/18/2018 C - 1 Books

JCC Library | Contacts | JCC Home

Last Update on 23 September 2017
Copyright @ 2017-2020 JCC Rouf Library
Rouf Library, Jhenidah Cadet College (JCC), Bangladesh